000 00324 a2200133 4500
005 20250416071040.0
020 _a978-9976-78-079-6
082 _a658.15 NBA
111 _aNBAA
245 _aB1 Financial Management: Study Text.
260 _aDar es Salaam,
_bNBAA,
_c2019.
300 _a556p.: ill.;
_c29cm
942 _2ddc
_cBKS
999 _c1493
_d1493